书目信息 |
| 题名: |
最美的词
|
|
| 作者: | ;冯慧娟 编 | |
| 分册: | ||
| 出版信息: | 沈阳 辽宁美术出版社 2017.12 |
|
| 页数: | 148页 | |
| 开本: | 19cm | |
| 丛书名: | 全民阅读书系 | |
| 单 册: | ||
| 中图分类: | I222.82 | |
| 科图分类: | ||
| 主题词: | 词 (文学)--ci ( wen xue )--作品集--中国--古代 | |
| 电子资源: | ||
| ISBN: | 978-7-5314-7864-5 | |
| 000 | 00954nam 2200265 450 | |
| 001 | 2344423230 | |
| 005 | 20231109181147.76 | |
| 010 | @a978-7-5314-7864-5@dCNY29.80 | |
| 100 | @a20201117d2017 em y0chiy50 ea | |
| 101 | 0 | @achi |
| 102 | @aCN@b210000 | |
| 105 | @aa z 000gy | |
| 200 | 1 | @a最美的词@Azui mei de ci@f(宋) 苏轼等著@g冯慧娟编 |
| 210 | @a沈阳@c辽宁美术出版社@d2017.12 | |
| 215 | @a148页@c图@d19cm | |
| 225 | 2 | @a全民阅读书系@Aquan min yue du shu xi@e双色版@v064 |
| 300 | @a国学经典 | |
| 330 | @a本书内容包括: 渔歌子·西塞山前白鹭飞 ; 忆江南·江南好 ; 长相思·汴水流 ; 忆江南·春去也 ; 菩萨蛮·小山重叠金明灭 ; 生查子·春山烟欲收 ; 相见欢·无言独上西楼等。 | |
| 410 | 0 | @12001 @a全民阅读书系 (双色版)@v064 |
| 606 | 0 | @a词 (文学)@Aci ( wen xue )@x作品集@y中国@z古代 |
| 690 | @aI222.82@v5 | |
| 701 | 0 | @s苏轼,@f1037-1101@4著 |
| 702 | 0 | @a冯慧娟@Afeng hui juan@4编 |
| 801 | 0 | @aCN@b山东中教@c20230928 |
| 905 | @aBZT@dI222.82@e10 | |
| 最美的词/(宋) 苏轼等著/冯慧娟编.-沈阳:辽宁美术出版社,2017.12 |
| 148页:图;19cm.-(全民阅读书系:双色版;064) |
| 国学经典 |
| ISBN 978-7-5314-7864-5:CNY29.80 |
| 本书内容包括: 渔歌子·西塞山前白鹭飞 ; 忆江南·江南好 ; 长相思·汴水流 ; 忆江南·春去也 ; 菩萨蛮·小山重叠金明灭 ; 生查子·春山烟欲收 ; 相见欢·无言独上西楼等。 |
| ● |
| 相关链接 |
|
|
|
正题名:最美的词
索取号:I222.82/10
 
预约/预借
| 序号 | 登录号 | 条形码 | 馆藏地/架位号 | 状态 | 备注 |
| 1 | 2000954699 | 2000954699 | 第四书库/四12架A面6层1列/ [索取号:I222.82/10] | 在馆 | |
| 2 | 2000954700 | 2000954700 | 第四书库/四12架A面6层1列/ [索取号:I222.82/10] | 在馆 | |
| 3 | 2000954701 | 2000954701 | 第四书库/四12架A面6层1列/ [索取号:I222.82/10] | 在馆 | |
| 4 | 2000954702 | 2000954702 | 第四书库/四12架A面6层1列/ [索取号:I222.82/10] | 在馆 | |
| 5 | 2000954703 | 2000954703 | 第四书库/四12架A面6层1列/ [索取号:I222.82/10] | 在馆 | |
| 6 | 2000954704 | 2000954704 | 第四书库/四12架A面6层1列/ [索取号:I222.82/10] | 在馆 |